| 000 | 00790nam a2200241 i 4500 | ||
|---|---|---|---|
| 001 | 186202 | ||
| 003 | SpMaBN | ||
| 005 | 20231210125113.0 | ||
| 008 | 160916s1995 sp |||| | spa d | ||
| 020 | _a84-01-38528-8 | ||
| 080 | _a821.111-31"19" | ||
| 100 | 1 |
_aLe Carré, John. _970854 |
|
| 245 | 1 | 0 |
_aNuestro juego / _cJohn Le Carré ; traducción de Carlos Milla Soler. |
| 250 | _a2ª ed. | ||
| 260 |
_aBarcelona : _bPlaza & Janés, _c1995. |
||
| 300 |
_a372 p. ; _c22 cm. |
||
| 490 | 1 |
_aAve fénix. _aSerie mayor ; _v26 |
|
| 700 | 1 |
_aMilla Soler, Carlos. _9139937 |
|
| 830 | 0 |
_aEl Ave Fénix. Serie mayor _v26 _9228243 |
|
| 852 |
_aES-MaACL _jA-13958 _9 193257 _bR.151149 _cDEPO1 _dOlim: N-6958 _xEncuadernación en cartoné |
||
| 942 | _2udc | ||
| 999 |
_c186202 _d186202 |
||